[Event "Muensterland Verbandsklasse-A 0910"]
[Site "Germany"]
[Date "2009.12.19"]
[Round "4.4"]
[White "Langendijk, Andre"]
[Black "Grund, Wolfgang"]
[Result "0-1"]
[WhiteElo "1911"]
[BlackElo "1836"]
[PlyCount "94"]
[EventDate "2009.09.19"]
[EventType "team-tourn"]
[EventRounds "9"]
[EventCountry "GER"]
[SourceTitle "EXT 2011"]
[Source "ChessBase"]
[SourceDate "2010.11.26"]
[SourceVersion "1"]
[SourceVersionDate "2010.11.26"]
[SourceQuality "1"]
[WhiteTeam "Gronau"]
[BlackTeam "Duelmen"]
[WhiteTeamCountry "GER"]
[BlackTeamCountry "GER"]

1. d4 d5 2. Bg5 h6 3. Bh4 c6 4. e3 Qb6 5. Qc1 Nf6 6. Bxf6 exf6 7. c4 Be6 8. cxd5 cxd5 9. Nc3 Nc6 10. g3 Bb4 11. Nge2 0-0 12. Bg2 Rac8 13. 0-0 Rfe8 14. a3 Bd6 15. Qb1 Ne7 16. Qa2 Red8 17. Rac1 Qa6 18. Rfe1 Bb8 19. Bf1 Qd6 20. Qb3 b6 21. Nf4 g5 22. Nb5 Qd7 23. Nh5 Qb7 24. Nxf6+ Kg7 25. Nh5+ Kg6 26. Be2 Qd7 27. Nc3 Bg4 28. Qd1 Kxh5 29. f3 Be6 30. Bb5 Qd6 31. f4+ Kg6 32. Rc2 Bf5 33. Rf2 g4 34. Ba6 h5 35. Bxc8 Nxc8 36. Qb3 Ne7 37. e4 dxe4 38. Nxe4 Qxd4 39. Ng5 Nd5 40. Re7 Bd6 41. Ree2 Bc5 42. Kg2 f6 43. Rd2 Qe3 44. Qd1 fxg5 45. fxg5 Be4+ 46. Kf1 Qxf2+ 47. Rxf2 Ne3+ 0-1